[Event "New South Wales op"]
[Site "Sydney"]
[Date "2015.06.08"]
[Round "7"]
[White "Smirnov, Anton"]
[Black "Melkumyan, Hrant"]
[Result "1-0"]
[WhiteElo "2428"]
[BlackElo "2641"]
[PlyCount "177"]
[EventDate "2015.06.06"]
[EventType "swiss"]
[EventRounds "7"]
[EventCountry "AUS"]
[SourceTitle "CBM 166 Extra"]
[Source "ChessBase"]
[SourceDate "2015.06.18"]
[SourceVersion "1"]
[SourceVersionDate "2015.06.18"]
[SourceQuality "1"]

1. e4 e5 2. Nf3 Nc6 3. Bb5 a6 4. Ba4 Nf6 5. O-O Be7 6. Re1 b5 7. Bb3 O-O 8. d4
d6 9. c3 Bg4 10. Be3 Nxe4 11. Bd5 Qd7 12. Bxe4 d5 13. Bxh7+ Kxh7 14. dxe5 Qf5
15. Nd4 Qg6 16. f3 Bd7 17. Nxc6 Bxc6 18. Nd2 Rfe8 19. Nb3 a5 20. a3 Bd7 21. Nc5
Bf5 22. Qd2 a4 23. Rad1 Rad8 24. Qf2 Kg8 25. Rd2 Bf8 26. Bd4 Be7 27. Be3 Bf8
28. Bd4 Be7 29. Rde2 Be6 30. Kh1 Qh7 31. Rg1 Bh4 32. g3 Be7 33. Qe3 Bxc5 34.
Bxc5 d4 35. cxd4 Bd5 36. Rge1 Re6 37. Kg1 Qh3 38. Rf2 Rde8 39. Qd3 c6 40. Qf1
Qh7 41. Qe2 Rg6 42. Qd2 Qh3 43. Re3 Ree6 44. Rg2 Rh6 45. Kf2 Reg6 46. Ke1 Qf5
47. Qc2 Qg5 48. f4 Qg4 49. Rf2 Bb3 50. Qe2 Qf5 51. Qd3 Be6 52. Kd2 Rh5 53. Qxf5
Bxf5 54. Kc3 Rh3 55. Kb4 Rgh6 56. Ree2 R6h5 57. Be7 Bd3 58. Rd2 Be4 59. Bh4 Kf8
60. Kc5 Ke8 61. Rde2 Bd5 62. Kd6 Rh6+ 63. Kc7 Rg6 64. f5 Rg4 65. Rd2 Re4 66.
Kd6 Rg4 67. Rf1 g5 68. fxg6 Rxg6+ 69. Kc7 Rg4 70. Rf6 Rg7 71. Rdf2 Rg4 72. Rd6
Rhxh4 73. gxh4 Rxh4 74. Rd2 Rh3 75. Kb6 Rb3 76. Kc5 Ke7 77. h4 Rh3 78. Rh6 Rh1
79. Rh8 Kd7 80. Kb6 Ke6 81. Rf2 Ke7 82. h5 Rh4 83. Kc5 Kd7 84. h6 Kc7 85. Rh7
Kc8 86. Rf6 Rh2 87. Rxc6+ Bxc6 88. Kxc6 Kd8 89. Kd6 1-0

[Event "Hoogovens op"]
[Site "Wijk aan Zee"]
[Date "1993.01.??"]
[Round "4"]
[White "Kortschnoj, Viktor Lvovich"]
[Black "Sokolov, Ivan"]
[Result "1-0"]
[WhiteElo "2605"]
[BlackElo "2640"]
[Annotator "Ribli,Z"]
[PlyCount "43"]
[EventDate "1993.01.??"]
[EventType "swiss"]
[EventRounds "12"]
[EventCountry "NED"]
[SourceTitle "CBM 034"]
[Source "ChessBase"]
[SourceDate "1993.06.01"]
[SourceVersion "1"]
[SourceVersionDate "1993.06.01"]
[SourceQuality "1"]

1. c4 e5 2. Nc3 Bb4 3. Nd5 Bc5 4. e3 Nf6 (4... c6 5. Nc3 $5 (5. d4 cxd5 6. dxc5
Qa5+ 7. Bd2 Qxc5 8. Qg4 $13 {Psakhis,L-Sokolov,I Chalkidiki 1992 CBM/32}) 5...
d5 6. d4 exd4 7. exd4 Be7 8. cxd5 cxd5 9. Bb5+ Nc6 10. Nf3 a6 11. Bxc6+ bxc6
12. Ne5 $14 {Petursson,M-Panchenko.AN Bern 1992 CBM/28}) 5. d4 (5. b4 Nxd5 6.
bxc5 Nf6 7. d4 Qe7 8. Be2 O-O 9. Nf3 e4 10. Nd2 $13 {Kortschnoj,V-Timman,J
Wijk op 1993 CBM/34}) 5... Nxd5 6. cxd5 exd4 7. exd4 Bb4+ 8. Bd2 Qe7+ (8...
Bxd2+ 9. Qxd2 O-O 10. Bc4 $13 {[%emt 0:00:33] Psakhis,L-Kramnik,V Moscow
Alekhine op 1992 CBM/} (10. Ne2 $5)) 9. Ne2 O-O 10. Bxb4 Qxb4+ 11. Qd2 Qe7 (
11... Qxd2+ 12. Kxd2 $14 {>< c7}) 12. O-O-O $5 c5 $6 (12... d6) 13. Qf4 $1 Na6
14. d6 Qd8 15. Nc3 $16 cxd4 16. Qxd4 Qa5 17. Bd3 Nc5 18. Bxh7+ $1 Kxh7 19. Qh4+
Kg8 20. Nd5 g6 21. Qh6 Nb3+ 22. Kb1 1-0

[Event "EU-ch 15th"]
[Site "Yerevan"]
[Date "2014.03.12"]
[Round "9"]
[White "Qashashvili, Alexandre"]
[Black "Oleksienko, Mikhailo"]
[Result "1-0"]
[WhiteElo "2378"]
[BlackElo "2640"]
[PlyCount "75"]
[EventDate "2014.03.03"]
[EventType "swiss"]
[EventRounds "11"]
[EventCountry "ARM"]
[SourceTitle "CBM 160"]
[Source "ChessBase"]
[SourceDate "2014.05.15"]
[SourceVersion "1"]
[SourceVersionDate "2014.05.15"]
[SourceQuality "1"]

1. e4 c5 2. Nf3 e6 3. d4 cxd4 4. Nxd4 a6 5. Nc3 b5 6. Bd3 Qb6 7. Nb3 Qc7 8. O-O
Bb7 9. Qe2 b4 10. Nd1 Nf6 11. f4 a5 12. Nf2 Nc6 13. Be3 a4 14. Nd2 Be7 15. Rac1
O-O 16. c3 bxc3 17. Rxc3 Qb8 18. a3 d5 19. e5 Nd7 20. Bxh7+ Kxh7 21. Qh5+ Kg8
22. Ng4 Re8 23. f5 exf5 24. Nh6+ gxh6 25. Bxh6 Qxe5 26. Rxf5 Qe1+ 27. Nf1 Nce5
28. Bd2 Qxf1+ 29. Rxf1 Ng6 30. Rcf3 Bc5+ 31. Kh1 Re5 32. Qh3 Bc8 33. Qg3 Ndf8
34. Rxf7 Re6 35. Bc3 Ra7 36. Rxa7 Bxa7 37. Qc7 d4 38. Bb4 1-0

[Event "Douglas PokerStars op"]
[Site "Douglas"]
[Date "2014.10.11"]
[Round "8"]
[White "Tiviakov, Sergei"]
[Black "Gupta, Abhijeet"]
[Result "1-0"]
[WhiteElo "2668"]
[BlackElo "2640"]
[PlyCount "75"]
[EventDate "2014.10.04"]
[EventType "swiss"]
[EventRounds "9"]
[EventCountry "IOM"]
[SourceTitle "CBM 162 Extra"]
[Source "ChessBase"]
[SourceDate "2014.10.17"]
[SourceVersion "1"]
[SourceVersionDate "2014.10.17"]
[SourceQuality "1"]

1. e4 e6 2. d4 d5 3. Nd2 c5 4. exd5 Qxd5 5. dxc5 Bxc5 6. Ngf3 Nf6 7. Bc4 Qc6 8.
Qe2 O-O 9. Nb3 Bd6 10. O-O a6 11. Bg5 Nbd7 12. Rad1 Nb6 13. Bd3 Nbd5 14. Qd2 b5
15. Bxf6 Bf4 16. Bxh7+ Kxh7 17. Qd3+ Kg8 18. Be5 Bxe5 19. Nxe5 Qc7 20. Qe2 Bb7
21. Rd4 Rfd8 22. Rh4 Nf6 23. Ng6 fxg6 24. Qxe6+ Qf7 25. Rh8+ Kxh8 26. Qxf7 Be4
27. c3 Bd3 28. Re1 Re8 29. Rxe8+ Rxe8 30. h3 Kh7 31. Nd4 Bc4 32. Qa7 Re1+ 33.
Kh2 Rb1 34. b3 Bd5 35. Qxa6 Ne4 36. Qxb5 Nd2 37. h4 Be4 38. f3 1-0

[Event "PAL/CSS Freestyle fin 6th"]
[Site "playchess.com INT"]
[Date "2007.06.22"]
[Round "2"]
[White "Flyingfatman"]
[Black "New Man"]
[Result "1-0"]
[WhiteElo "2690"]
[BlackElo "2638"]
[PlyCount "146"]
[EventDate "2007.06.24"]
[EventType "tourn (rapid)"]
[EventRounds "9"]
[EventCountry "GER"]
[EventCategory "8"]
[SourceTitle "EXT 2010"]
[Source "ChessBase"]
[SourceDate "2010.11.25"]
[SourceVersion "1"]
[SourceVersionDate "2010.11.25"]
[SourceQuality "1"]

1. e4 e6 2. d4 d5 3. Nc3 Nf6 4. e5 Nfd7 5. f4 c5 6. Nf3 Nc6 7. Be3 Qb6 8. Na4
Qa5+ 9. c3 cxd4 10. b4 Nxb4 11. cxb4 Bxb4+ 12. Bd2 Bxd2+ 13. Nxd2 O-O 14. Bd3
b5 15. Nb2 Nb6 16. O-O Nc4 17. Nbxc4 bxc4 18. Bxh7+ Kxh7 19. Qh5+ Kg8 20. Nf3
f6 21. exf6 Rxf6 22. Ng5 Qd8 23. Qh7+ Kf8 24. Qh8+ Ke7 25. Qxg7+ Kd6 26. Nh7
Rf5 27. g4 Qd7 28. Qh6 Rf7 29. Ng5 Kc7 30. f5 exf5 31. Nxf7 Qxf7 32. Qf4+ Kc6
33. Qxd4 Qg6 34. Rf4 Qd6 35. Raf1 Qc5 36. gxf5 Qxd4+ 37. Rxd4 Kc5 38. Rg4 Bd7
39. Rg7 Kd6 40. Rg6+ Ke5 41. f6 Rf8 42. Rg5+ Kd6 43. Rf3 Be6 44. Kf2 Bf7 45.
Ke3 Re8+ 46. Kd2 Rb8 47. Rg7 Ke6 48. Kc3 Rh8 49. h3 a5 50. Kd4 Rh6 51. Rgg3
Rh4+ 52. Kc5 Rh8 53. Rg5 a4 54. Rg1 Rc8+ 55. Kd4 Kd6 56. Rg7 Ke6 57. Rh7 Rf8
58. Rf2 c3 59. Kxc3 Rc8+ 60. Kb4 Rf8 61. h4 a3 62. h5 d4 63. Kc4 Ke5+ 64. Kd3
Kd6 65. Kxd4 Ke6 66. Kc3 Rc8+ 67. Kb4 Rf8 68. h6 Kd6 69. Rxf7 Rxf7 70. h7 Rf8
71. f7 Ke7 72. Re2+ Kd6 73. Re8 Rxf7 1-0

[Event "RUS-chT"]
[Site "Olginka"]
[Date "2011.04.22"]
[Round "10"]
[White "Kurnosov, Igor"]
[Black "Najer, Evgeniy"]
[Result "1-0"]
[WhiteElo "2653"]
[BlackElo "2638"]
[Annotator "CB"]
[PlyCount "107"]
[EventDate "2011.04.12"]
[EventType "team-tourn"]
[EventRounds "11"]
[EventCountry "RUS"]
[SourceTitle "CBM 142"]
[Source "ChessBase"]
[SourceDate "2011.05.17"]
[SourceVersion "1"]
[SourceVersionDate "2011.05.17"]
[SourceQuality "1"]
[WhiteTeam "Tomsk 400"]
[BlackTeam "ShSM 64"]
[WhiteTeamCountry "RUS"]
[BlackTeamCountry "RUS"]

1. e4 e6 2. d4 d5 3. Nc3 Nf6 4. e5 Nfd7 5. f4 c5 6. Nf3 Nc6 7. Be3 Be7 8. Qd2
O-O 9. dxc5 Bxc5 10. O-O-O Qa5 11. Bxc5 Nxc5 12. h4 Bd7 13. h5 b5 14. Kb1 b4
15. Ne2 Ne4 16. Qe1 Rab8 17. Nd2 Nxd2+ 18. Qxd2 Qc5 19. Nc1 a5 20. Nd3 Qe7 21.
g4 a4 22. Bh3 Rfc8 23. f5 Nd4 24. f6 Qd8 25. Qg5 Qf8 26. Ne1 Nb5 27. Bf1 h6 28.
fxg7 Qxg7 29. Qf4 $2 {#Najer was doing very well and misses a winning
continuation here.} Rf8 ({Here he might have finished his amazing journey in
style had he played} 29... b3 $1 30. axb3 axb3 {and here both White's main
choices fail. The alternative} 31. c4 {also meets a spectacular demise with#} (
{The obvious} 31. cxb3 {is punished by} Nc3+ $1 32. bxc3 (32. Kc2 Ne2+ 33. Kd2
Nxf4) 32... Rxb3+ 33. Kc1 Rcxc3+ 34. Kd2 Qf8 {and Black is winning.}) 31...
Nc3+ $3 {Curiously, none of the engines seem to find this move.} 32. bxc3 Qf8
$1 {and though White has a number of choices, they all end up losing
significant material to avoid mate. Ex:} 33. Rh2 Ra8 34. Rf2 Be8 {Protecting
f7 and freeing the queen.} 35. Qc1 Ra4 {followed by Rca8 and White is lost.})
30. Nf3 f6 31. exf6 Qxf6 32. Qxf6 Rxf6 33. Ne5 Be8 34. Rg1 Rb7 35. g5 hxg5 36.
Bd3 Rg7 $2 (36... Nd6 $1 37. Rxg5+ Rg7 38. Rxg7+ Kxg7 39. Rg1+ Kh8 {and it is
equal.} (39... Kh6 40. Ng4+)) 37. Ng4 Rf4 38. h6 Rh7 39. Bxh7+ Kxh7 40. Rdf1
Bg6 41. Rxf4 gxf4 42. Rh1 f3 43. Kc1 Nd6 44. Nf6+ Kh8 45. Rg1 f2 46. Rf1 Nf7
47. Ng4 Kh7 48. Rxf2 Bf5 49. Nf6+ Kg6 (49... Kxh6 $2 50. Nxd5 exd5 51. Rxf5)
50. Ng8 Nxh6 51. Nxh6 Kxh6 52. Rf4 b3 53. cxb3 axb3 54. a4 1-0

[Event "21st ch-EUR Indiv 2021"]
[Site "Reykjavik ISL"]
[Date "2021.09.02"]
[Round "8.14"]
[White "Van Foreest, Lucas"]
[Black "Banusz, T.."]
[Result "1-0"]
[WhiteElo "2544"]
[BlackElo "2631"]
[PlyCount "125"]
[EventDate "2021.08.26"]
[SourceVersionDate "2018.05.14"]

1. e4 e5 2. Nf3 Nf6 3. d4 Nxe4 4. Bd3 d5 5. Nxe5 Nd7 6. Nc3 Nxe5 7. dxe5 Bb4 8.
O-O Nxc3 9. bxc3 Bxc3 10. Rb1 O-O 11. Bxh7+ Kxh7 12. Qd3+ Kg8 13. Qxc3 a5 14.
Qg3 Qd7 15. Bg5 Ra6 16. f4 Qf5 17. h3 Rg6 18. Qf2 f6 19. g4 Qe4 20. Rbe1 Qc4
21. exf6 gxf6 22. Bh4 Bf5 23. Kh2 Be4 24. f5 Rg7 25. Bg3 Qxc2 26. Re2 Qc4 27.
Bf4 Re8 28. Rc1 Qa6 29. Ree1 Rge7 30. Rxc7 Rxc7 31. Bxc7 Rc8 32. Qb6 Qxb6 33.
Bxb6 Rc2+ 34. Kg3 Rxa2 35. Rc1 Bc2 36. Kf4 Kf7 37. h4 Ra4+ 38. Ke3 Rc4 39. Kd2
Bb3 40. Rxc4 Bxc4 41. Bxa5 d4 42. Ke1 b5 43. Kf2 Bb3 44. Kg3 Bd1 45. Kf4 Be2
46. Bb6 d3 47. Ba5 Bd1 48. Bb4 Be2 49. g5 Bh5 50. Bc3 Be2 51. Ke3 Bg4 52. Ke4
Be2 53. Kd5 Bh5 54. Kd6 fxg5 55. hxg5 Bg6 56. Ke5 Bh7 57. Kf4 Ke7 58. Bb4+ Kf7
59. Ke5 Kg7 60. Ke6 Bg8+ 61. Ke7 Bf7 62. Bc3+ Kg8 63. Kf6 1-0

[Event "Olympiad-23"]
[Site "Buenos Aires"]
[Date "1978.10.30"]
[Round "5"]
[White "Miles, Anthony John"]
[Black "Spassky, Boris Vasilievich"]
[Result "1-0"]
[WhiteElo "2565"]
[BlackElo "2630"]
[PlyCount "81"]
[EventDate "1978.10.25"]
[EventType "team-swiss"]
[EventRounds "14"]
[EventCountry "ARG"]
[SourceTitle "EXT 2002"]
[Source "ChessBase"]
[SourceDate "2001.11.25"]
[SourceVersion "1"]
[SourceVersionDate "2001.11.25"]
[SourceQuality "1"]
[WhiteTeam "England"]
[BlackTeam "Soviet Union"]
[WhiteTeamCountry "ENG"]
[BlackTeamCountry "URS"]

1. d4 Nf6 2. Nf3 b6 3. c4 e6 4. Bf4 Bb7 5. e3 Be7 6. h3 O-O 7. Nc3 d5 8. cxd5
exd5 9. Bd3 c5 10. O-O Nc6 11. Ne5 a6 12. Qf3 Re8 13. Rad1 cxd4 14. Nxc6 Bxc6
15. exd4 b5 16. a3 Ne4 17. Bb1 Qb6 18. Rfe1 Nxc3 19. Qxc3 b4 20. Qg3 bxa3 21.
bxa3 Ba4 22. Rc1 Qb2 23. Bxh7+ Kxh7 24. Rxe7 Rxe7 25. Qh4+ Kg8 26. Qxe7 Qxd4
27. Be5 Qb6 28. Qg5 Qh6 29. Qxh6 gxh6 30. Rc3 Kf8 31. Rc5 Rd8 32. Bf6 Rd6 33.
Rc8+ Be8 34. Bd4 Re6 35. Rd8 Kg8 36. Rxd5 Re1+ 37. Kh2 Rd1 38. Rd8 Kh7 39. g4
Rd3 40. f4 h5 41. f5 1-0

[Event "Kolkata op 5th"]
[Site "Kolkata"]
[Date "2012.12.10"]
[Round "8"]
[White "Sethuraman, SP.."]
[Black "Ganguly, Surya Shekhar"]
[Result "1-0"]
[WhiteElo "2520"]
[BlackElo "2630"]
[PlyCount "111"]
[EventDate "2012.12.03"]
[EventType "swiss"]
[EventRounds "11"]
[EventCountry "IND"]
[SourceTitle "EXT 2014"]
[Source "ChessBase"]
[SourceDate "2013.11.20"]
[SourceVersion "1"]
[SourceVersionDate "2013.11.20"]
[SourceQuality "1"]

1. e4 e6 2. d4 d5 3. e5 c5 4. c3 Qb6 5. Nf3 Nc6 6. a3 Nh6 7. b4 cxd4 8. cxd4
Nf5 9. Be3 f6 10. exf6 gxf6 11. Bd3 Nxe3 12. fxe3 Bh6 13. Qe2 e5 14. Nc3 Be6
15. b5 Ne7 16. dxe5 fxe5 17. Nxe5 O-O 18. Nf3 Qa5 19. Qd2 d4 20. Nxd4 Bxe3 21.
Bxh7+ Kxh7 22. Qxe3 Nd5 23. Qd3+ Bf5 24. Nxf5 Qxc3+ 25. Qxc3 Rae8+ 26. Kd2 Nxc3
27. Kxc3 Rxf5 28. Rae1 Rxe1 29. Rxe1 Rxb5 30. Re4 Kg6 31. Rb4 Rc5+ 32. Kd3 b6
33. a4 Rc1 34. Ke3 Rc2 35. Kf3 Ra2 36. h4 Kh5 37. Kg3 Ra3+ 38. Kh2 a5 39. Rd4
Rb3 40. g3 Rb4 41. Rd5+ Kg6 42. Kh3 Kf6 43. Rd6+ Ke5 44. Rg6 Rxa4 45. Rxb6 Ra1
46. Kg4 a4 47. Kg5 a3 48. Ra6 a2 49. g4 Ke4 50. h5 Ke3 51. h6 Kf3 52. Ra3+ Ke4
53. h7 Rh1 54. Kg6 Kf4 55. Rxa2 Kxg4 56. Kg7 1-0

[Event "EU-ch 2nd"]
[Site "Ohrid"]
[Date "2001.06.10"]
[Round "9"]
[White "Luther, Thomas"]
[Black "Tregubov, Pavel V"]
[Result "1-0"]
[WhiteElo "2568"]
[BlackElo "2628"]
[Annotator "Luther,T"]
[PlyCount "95"]
[EventDate "2001.06.01"]
[EventType "swiss"]
[EventRounds "13"]
[EventCountry "YUG"]
[SourceTitle "CBM 084"]
[Source "ChessBase"]
[SourceDate "2001.09.13"]
[SourceVersion "1"]
[SourceVersionDate "2001.09.13"]
[SourceQuality "1"]

1. e4 {Gershon} c5 2. Nf3 Nc6 3. d4 cxd4 4. Nxd4 e5 5. Nb5 d6 6. c4 Be7 7. Bd3
$6 ({the main line is:} 7. N1c3 {Gershon}) 7... a6 {Gershon: ' the most
popular response. Other moves tranfer to the main line at some stage.'} (7...
Be6 {Gershon} 8. O-O a6 9. N5c3 Nf6 10. Ne2 O-O 11. Nbc3 Qd7 12. Nd5 Bxd5 13.
exd5 Nb4 14. Bb1 a5 15. Nc3 $14 {1/2-1/2 Galkin,A-Kasparov,S/Koszalin 1999/EXT
2000 (37)}) (7... Nf6 {Gershon} 8. N1c3 a6 9. Na3 Bg4 10. Be2 Be6 11. Nc2 O-O
12. O-O Rc8 13. b3 b5 {1/2-1/2 Vehi Bach,V-Nataf,I/Andorra la Vella 1999/EXT
2000 (13)}) 8. N5c3 Bg5 $11 {Gershon: 'Gershon: It's impornant to change the
dark squared B's, getting rid of a weak piece and weakenning the d4 square. '}
9. Nd2 (9. Na3 $6 Bxc1 10. Rxc1 Qg5 $36 {Nataf} 11. O-O Nge7 12. Nc2 O-O 13.
Be2 $6 $146 {I don't see a reason to put the B on 'f3' while it can be put on
f1. On 'f3' it's very vulnerable to black's pieces.} (13. Re1 {Gershon makes
more sense than the text} Be6 14. Bf1 Rad8 15. b4 f5 16. b5 Nb8 17. exf5 Nxf5
18. Nd5 Nd7 19. f4 Qh4 20. g3 Nxg3 $1 21. hxg3 Qxg3+ 22. Bg2 Bg4 23. Qd2 exf4
24. Qf2 Qxf2+ 25. Kxf2 Nc5 26. Bf1 h5 27. Ncb4 axb5 28. cxb5 Ra8 $36 {1/2-1/2
Leko,P-Fedorov,A/Wijk aan Zee NED 2001/The Week in Chess 323 (49)}) 13... Bh3
14. Bf3 Ng6 {[%cal Gg6h4]} 15. Kh1 (15. Ne3 {Gershon} Nd4 16. Kh1 Be6 $36 {
[%cal Gg6h4]}) 15... Be6 16. Nd5 Nh4 17. b3 {[%cal Gd5c7]} ({interesting was:} 
17. b4 {[%cal Gb4b5,Gc2e3] Gershon} b5 18. Nce3 Nd4 19. Bg4 $13) (17. Nc7 $4 {
Gershon} Bxc4 18. Nxa8 Bxf1 19. Qxf1 Rxa8 $19) 17... Rad8 {Both removing the
rook from 'a8' and protecting the 'd6' pawn- "just in case"} (17... f5 $143 {
Gershon because after:} 18. exf5 {black is obliged to play:} Bxf5 ({and not :} 
18... Nxf5 {Gershon} 19. Nc7 $18) 19. Nb6 Rae8 20. Bd5+ $14 {[%cal Gc2e3]}) 18.
Nde3 $11 {0-1 Dominguez,L-Nataf,I/Havana 2001/CBM 84_01/[Gershon] (43)}) 9...
Nf6 (9... Be6 {Gershon} 10. b3 Nge7 11. O-O O-O 12. Nd5 Qa5 13. b4 Qd8 14. a3
Ng6 15. Re1 Nd4 16. Nb3 Bxc1 17. Rxc1 Nxb3 18. Qxb3 Qg5 19. Bf1 Rac8 20. Rcd1
f5 21. exf5 Qxf5 22. Qe3 Qf7 $11 {[%cal Gb7b5,Gg6h4,Gh4f5,Gf5d4] 1-0 Yagupov,
I-Zvereva,M/St Petersburg RUS 2001/The Week in Chess 344 (52)}) 10. O-O {
Gershon: ' This plan is too slow, allowing black to take control over the
position.'} (10. Nf1 {Gershon} Bxc1 11. Rxc1 O-O 12. Ne3 Nd4 13. O-O b5 14.
cxb5 axb5 15. Nxb5 Nxb5 16. Bxb5 Rxa2 17. Qb3 Be6 18. Bc4 Bxc4 19. Rxc4 Ra6 $11
{1/2-1/2 Sokolov,A-Tregubov,P/Mulhouse FRA 2001/The Week in Chess 336 (27)})
10... O-O 11. b3 Nd4 12. Bb2 Bg4 {'!' Gershon. Gershon: 'Black is gaining an
important tempo by weakennig the g1-a7 /^, and forcing white to play Kh1'} 13.
f3 Bd7 14. Kh1 b5 15. Ne2 (15. cxb5 $143 {Gershon} axb5 {[%cal Ga8a1]}) 15...
Ne6 (15... Be3 $2 16. Nxd4 exd4 17. Re1 $14) 16. b4 Qb6 17. cxb5 axb5 {'='
Gershon.} (17... Bxb5 18. Bxb5 (18. Nc4 Bxc4 19. Bxc4 Qxb4 20. Qb3 Qxb3 21.
axb3 Rfb8 $15) 18... Qxb5 19. a3 Rfd8 20. Nc3 $11) 18. Nb1 Rfd8 19. Nbc3 Bc6
20. Nd5 {'!?' Gershon.} (20. Qc2 $6 {Gershon} Rac8 $15 (20... d5 $140 $2 {
Gershon} 21. exd5 {[%csl Rh7][%cal Gd3h7]} Nxd5 (21... Bxd5 {Gershon} 22. Nxb5
(22. Nxd5 {Gershon} Rxd5 23. Be4 $2 Rd2 $17) 22... Rac8 23. Nec3 Nd4 24. Qf2
$16))) 20... Nxd5 (20... Bxd5 21. exd5 Nf4 (21... Nc7 {Gershon} 22. Be4 $14 (
22. f4 $143 {[%cal Gb2h8] Gershon} Bh6 23. fxe5 dxe5 24. Bxe5 Ncxd5 25. Qb3 Ng4
$132)) 22. Nxf4 Bxf4 $15) 21. exd5 Bxd5 22. Bxh7+ Kxh7 23. Qxd5 Kg8 $1 {
Gershon: 'Although approximately even, this position is far from being simple'}
24. Nc3 Nc7 (24... Nf4 25. Qxb5 (25. Qe4 $2 Rac8 $15) 25... Qxb5 26. Nxb5 Nd3
27. Bc3 Be3 (27... d5 $2 28. f4 Bxf4 29. Rad1 $16) 28. g3 d5 $13) 25. Qe4 {
Nach wechselvollem Eröffnungsverlauf geht Schwarz nun auf Bauernraub.} Bd2 {
Gershon: 'A very risky move! Black is winning a pawn but allows white to
create a very strong attack against his weakenned K '} (25... Qe3 $5 {Gershon}
26. Qc6 Ne6 {[%cal Ga8c8]} 27. Bc1 (27. Nd5 $2 {Gershon} Qe2 {[%csl Ra2]} 28.
Qc3 Rxa2 $19) (27. Nxb5 $4 {Gershon} Qe2 28. Rab1 (28. Ba3 {Gershon} Rac8 29.
Qa6 Rc2 30. Rg1 Rb8 $19 {[%csl Rb5]}) 28... Rac8 $1 {[%csl Rb5]} 29. Qa6 Rc2
$19) (27. Qxb5 {Gershon} Nd4 28. Qd5 Nc2 $15) 27... Qd4 28. Bxg5 Nxg5 $13) 26.
Nd5 {'!' Gershon. Das einzige. Nach Abtausch des Sc3 gegen den Läufer wäre
Weiss dem Vormarsch der Zentrumsbauern ausgeliefert.} Nxd5 27. Qxd5 Bxb4 28. f4
{Gershon: 'the point' jetzt entfalten die weissen Figuren ihre Möglichkeiten,
die schwarze Königsstellung ist gefährdet.} Qc5 29. Qf3 $1 (29. Qxc5 $2 {
Gershon} dxc5 30. Bxe5 Rd2 $19) 29... d5 $6 {Schwarze kann den Mehrbauern
nicht halten, man sehe:} (29... Qc7 30. fxe5 dxe5 31. Rac1 Qe7 32. Bxe5 Qxe5 $2
(32... Rxa2 33. Bxg7 Kxg7 34. Qg4+ Kf8 35. Qh5 {und Weiss hat Angriff}) 33.
Qxf7+ $18) (29... f6 30. Rfc1 Qa7 31. Qb3+ $18) (29... Qc4 $1 30. fxe5 dxe5 31.
Bxe5 Bf8 $11) 30. fxe5 Qe7 31. Qg4 Ba3 $2 (31... d4 $8 32. Bxd4 Qe6 $11 {
war die einzige Möglichkeit.}) (31... Ra4 32. e6 fxe6 33. Bf6 $18) (31... Rdc8
32. e6 fxe6 33. Bxg7 Qxg7 34. Qxb4 {diese Stellung bietet Weiss auf Grund der
Königsstellung die besseren praktischen Chancen.}) (31... Ra6 $5 {Gershon} 32.
e6 f5 33. Rxf5 Rxe6 $13 {[%cal Ge6e1]}) 32. e6 {'!!' Gershon. Gershon: 'this
is what black has probably missed'} Bxb2 (32... f5 {Gershon} 33. Bxa3 Rxa3 34.
Rxf5 $16) (32... fxe6 {Gershon} 33. Bf6 $16 (33. Bxg7 $2 {Gershon} Qxg7 34.
Qxe6+ Kh8 {[%cal Gg7a1]} 35. Rad1 Rd6 $19)) 33. exf7+ Kf8 34. Rae1 Qd6 (34...
Ra4 {Gershon} 35. Qf5 $1 Re4 36. Qh7 $18) 35. Re6 Qc5 (35... Qxe6 $8 {Gershon}
36. Qxe6 Bf6 37. Rf5 Rxa2 38. h3 $18) 36. Re8+ {'?' Gershon. Gershon:
'prolongs the fight by 15 moves, however, black is still hopeless'} (36. Qh5 {
/Dh4/Dh3 hätte mattgesetzt, nachdem Partiezug ist Schwarz auch chancenlos.}
Bf6 37. Qh7 (37. Qh8+ {Gershon} Kxf7 38. Rfxf6+ gxf6 39. Rxf6+ Ke7 40. Qg7+ Ke8
41. Qf7#) 37... Kxf7 38. Rfxf6#) 36... Rxe8 37. fxe8=Q+ Kxe8 38. Qe6+ Kd8 39.
Qg8+ Kc7 40. Qxa8 {'+-' Gershon.} Bf6 41. Qa5+ Kc6 42. Qa6+ Kc7 43. Qa5+ Qb6 {
'??' Gershon. Gershon: 'Losing on the spot'} ({after} 43... Kc6 $142 {(Gershon)
there is still a long fight ahead!}) 44. Rc1+ {Gershon: 'Practically a best
decision. There is less chance to go wrong here than in P endgame calculations.
'} (44. Qxb6+ {Gershon} Kxb6 45. Rxf6+ gxf6 46. h4 d4 47. Kg1 {looks like it's
over} Kc5 48. Kf2 (48. h5 {Gershon} Kc4 49. h6 d3 50. Kf2 Kc3 51. h7 d2) 48...
Kd5 (48... Kc4 {Gershon} 49. Ke2 Kd5 50. h5 Ke6 51. Kd3 $18) 49. h5 Ke6 50. Ke2
f5 (50... Kf5 {Gershon} 51. Kd3 Kg5 52. Kxd4 Kxh5 53. Kc5 Kg4 54. Kxb5 Kg3 55.
a4 Kxg2 56. a5 f5 57. a6 f4 58. a7 f3 59. a8=Q $18) 51. Kd3 Kf6 52. Kxd4 Kg5
53. Ke5 $18) 44... Kb7 45. Qb4 d4 46. a4 {'!' Gershon. Gershon: 'by opening up
another two lines white wins immediately'} bxa4 47. Qxa4 Be5 48. Qc2 1-0